000 01142naa a22003137a 4500
001 BR9205302
003 BR-BrBNA
005 20240918180750.0
007 ta
008 230509b bl.||||| |||| 00| 0 por d
040 _aBR-BrBNA
_bpor
_cBiblioteca Nacional de Agricultura
041 _a(Pt)
072 _aH20
_b1123
_b4150
_bG514
090 _aH20 BR9205302
100 1 _aBatista, F.A.S.
100 1 _aGomes, R.C.
100 1 _aRamos, V.F.
111 1 _a6. Congresso Brasileiro de Fruticultura
_cRecife, PE (Brazil)
_d25-31 Jan 1981
245 1 _aOcorrencia de uma anormalidade, de possivel causa virotica ou semelhante a virus, provocando o enfesamento do maracujazeiro
260 3 _aRecife, PE (Brasil):
_c1981.
500 _aAnais do 6. Congresso Brasileiro de Fruticultura, v. 4 Recife, PE (Brasil): 1981. p. 1408-1413 (BR9205302-AM)H20
650 _aMARACUJA
650 _aENFEZAMENTO
650 _aVIRUS
650 _aSERGIPE
773 0 _tAnais do 6. Congresso Brasileiro de Fruticultura, v. 4
_wH20 BR9205302
_gRecife, PE (Brasil), 1981. p. 1408-1413
909 _a202404
_bLucia
_c55
_dLucia Elande
942 _cAM
_2AGRIS
999 _c321950
_d321950